Načítá se...

ആലപ്പി വിന്‍സന്റ് : മലയാളസിനിമയുടെ സ്നാപകന്‍

Podrobná bibliografie
Hlavní autor: പോള്‍, സെബാസ്റ്റ്യന്‍
Další autoři: Paul, Sebastian
Médium: Printed Book
Jazyk:English
Vydáno: കൊച്ചി : പ്രണത ബുക്സ്, 1995p.
Vydání:1st ed.
Témata:
LEADER 01040nam a22002057a 4500
008 191216b xxu||||| |||| 00| 0 eng d
999 |c 27944  |d 27944 
020 |a 9789383255863 
082 |a 927.91437  |b VIN/PAU 
100 |a പോള്‍, സെബാസ്റ്റ്യന്‍ 
245 |a ആലപ്പി വിന്‍സന്റ് :  |b മലയാളസിനിമയുടെ സ്നാപകന്‍   |c സെബാസ്റ്റ്യന്‍ പോള്‍ 
250 |a 1st ed. 
260 |a കൊച്ചി :  |b പ്രണത ബുക്സ്,   |c 1995p. 
300 |a 96p. 
600 |a Vincent, Alleppey 
650 |a Biography 
700 |a Paul, Sebastian 
942 |2 ddc  |c BK 
952 |0 0  |1 0  |2 ddc  |4 0  |6 927_914370000000000_VIN_PAU  |7 0  |9 38384  |a MAIN  |b MAIN  |d 2019-12-16  |e pranatha Books  |g 100.00  |o 927.91437 VIN/PAU  |p 36250  |r 2019-12-16  |t 1  |w 2019-12-16  |y BK 
952 |0 0  |1 0  |2 ddc  |4 0  |6 927_914370000000000_VIN_PAU  |7 0  |9 38385  |a MAIN  |b MAIN  |d 2019-12-16  |e pranatha Books  |g 100.00  |o 927.91437 VIN/PAU  |p 36251  |r 2019-12-16  |t 2  |w 2019-12-16  |y BK